Estadísticas para Rosco de Pasapalabra #94

Haz click aquí para intentar la prueba.

Estadísticas generales

  • Esta prueba ha sido intentada 81 veces
  • La puntuación promedio es 14 de 25

Estadísticas de respuestas

InicialDefiniciónRespuesta% Correcto
FSegundo mes del añoFebrero
98%
CCiudad principal y cabeza de un Estado, provincia o distritoCapital
97%
LQuitar la suciedad de alguien o algoLimpiar
97%
ARemover la tierra haciendo en ellas surcos con el aradoArar
94%
Contiene la ÑNatural del norte de un paísNorteño
92%
DDe poco vigor, o de poca fuerza o resistenciaDébil
90%
BObjeto arrojadizo consistente en una lámina curvada que, al lanzarla con movimiento giratorio, vuelve al punto de partidaBúmeran
86%
JVaso, por lo general de porcelana, artísticamente labrado, para adornar consolas y chimeneasJarrón
81%
PProlongación del tiempo de un encuentro deportivo que ha quedado en empatePrórroga
81%
MMujer que presenta y asiste a quien recibe el bautismo y que contrae con él ciertos compromisosMadrina
78%
UArtículo indeterminado femenino pluralUnas
78%
GNombre de la organización ecologista internacional, fundada en 1971, a la que perteneció el buque Rainbow WarriorGreenpeace
73%
ODepartamento donde trabajan los empleados públicos o particularesOficina
70%
Contiene la YColoquialmente, calzoncillosGayumbos
67%
TGrupo regular y organizado de soldadosTropa
62%
Contiene la XContador que llevan los coches de alquiler, para marcar la cantidad que hay que pagar por el servicioTaxímetro
56%
SMelodía o señal sonora de un programa de radio o de televisiónSintonía
43%
Contiene la QGrupo de personas que intenta, de forma pacífica o no, que otras secunden una huelgaPiquete
32%
HTerreno de aguas superficiales o subterráneas de poca profundidadHumedal
21%
IImpedimento u obstáculo que hay para hacer algoInconveniente
10%
EManía que lleva a cometer actos delictivos para conseguir renombreErostratismo
5%
ZArte de la cría, multiplicación y mejora de los animales domésticosZootecnia
3%
NIsla del océano Pacífico que es la más septentrional del reino de TongaNiuafo'ou
2%
RPlanta americana de tallos rastreros y flores blancas grandes que se abren al ponerse al solRodalán
2%
VApellido de la escritora autora de la obra "Nada como el piso 16"Vilalta
0%

Distribución de puntuación

Porcentaje por número respondido

Porcentaje de gente con cada puntuación

Historial de tus puntuaciones

No has intentado esta prueba.